| 000 | 00606nam a2200241Ia 4500 | ||
|---|---|---|---|
| 003 | OSt | ||
| 005 | 20221005084818.0 | ||
| 006 | a|||||r|||| 00| 0 | ||
| 007 | ta | ||
| 008 | 221004b |||||||| |||| 00| 0 eng d | ||
| 024 | _a44780 | ||
| 037 | _cTextual | ||
| 040 |
_aCRL _cCRL _beng |
||
| 041 |
_2eng _aeng |
||
| 082 | _aP, N0 | ||
| 100 | _aRadford Andrew | ||
| 245 | 0 |
_aTransformational grammar _b A first course |
|
| 260 |
_aNew York _bCambridge _c1990 |
||
| 300 |
_a625p _ccm. |
||
| 650 | _aLINGUISTICS | ||
| 942 |
_hP, N0 _cTEXL _2cc |
||
| 999 |
_c993141 _d993141 |
||